000 00637cam a22002053a 4500
001 40309
003 PGUSA
005 20140828083912.0
008 120723s2012||||xxu|||||s|||||000 | eng d
040 _aPGUSA
_beng
042 _adc
245 1 4 _aThe Art of Amusing :
_bBeing a Collection of Graceful Arts, Merry Games, Odd Tricks, Curious Puzzles, and New Charades
_h[electronic resource]
260 _bProject Gutenberg,
_c2012
506 _aPublic domain in the USA.
516 _aElectronic text
700 1 _aBellew, Frank
830 0 _aProject Gutenberg
_v40309
856 4 0 _uhttp://www.gutenberg.org/ebooks/40309
942 _cEB
999 _c269562
_d269562